00759nam a2200241Ia 450000500170000000800410001702000150005808200210007324500850009426000720017930000170025165000160026865000140028465000120029865000120031065000140032265000150033670000220035170000260037394200060039995200970040599900150050220250319051110.0240331s9999 xx 000 0 und d a0521485673 a302.1bINT22262 0aInteractive Minds:bLife-Span Perspectives on the Social Foundation of Cognition aCambridge;aNew York;aMelbourne,bCambridge University Pressc1996 axii, 457 p., aDevelopment aEvolution aCulture aHistory aEducation aPsychology aBaltes, P. Beedt aStaudinger, U. Meedt cL 001040708LaWERCLbWERCLcSSCd2024-03-31l0o 302.1 INTp2262r2024-03-31w2024-03-31yL c1084d1084